00409nam a2200133Ia 4500008004100000020001800041082002900059100001600088245006900104260002400173300001100197500003200208650003500240120622s9999 xx 000 0 und d a970-651-009-5 aC 302.222 303 B396e 2000 aBecker, Udo aEnciclopedia de los símbolos / Udo Becker ; tr. de J. A. Bravo aMéxico : Océano a350 p. aTr. de: Lexikon der symbole a1. SIMBOLOS - ENCICLOPEDIASÌ